[Event "4NCL Online Division 5"]
[Site "online"]
[Date "2022.03.08"]
[EventDate "2022.03.08"]
[Round "4.83"]
[White "Sharma, Aryan"]
[WhiteElo "1140"]
[WhiteTeam "Uxbridge Eagle Fangs"]
[Black "Thomas, Mike"]
[BlackElo "972"]
[BlackTeam "Manaccan Maulers"]
[Result "0-1"]
[PlyCount "76"]

1. e4 e5 2. Nf3 Nc6 3. Bb5 d6 4. d4 Bd7 5. d5 Nd4 6. Bxd7+ Qxd7 7. Nxd4 exd4 8. Qxd4 Nf6 9. O-O c5 10. Qd3 Be7 11. Nc3 a6 12. Bg5 h6 13. Bh4 Nxd5 14. Bxe7 Nxe7 15. Rfe1 O-O 16. e5 Rad8 17. exd6 Nf5 18. Ne4 Nxd6 19. Nxc5 Qc6 20. Ne4 Rfe8 21. Nxd6 Rxe1+ 22. Rxe1 Rxd6 23. Qf5 Rg6 24. f3 Qb6+ 25. Kf1 Qc6 26. Qe4 Qb5+ 27. Qd3 Qg5 28. Re8+ Kh7 29. Qd8 Qxg2+ 30. Ke1 Qg1+ 31. Kd2 Qxh2+ 32. Kc3 Rc6+ 33. Kb4 a5+ 34. Qxa5 Qd2+ 35. c3 Qxb2+ 36. Ka4 Rc4+ 37. Qb4 Qxa2+ 38. Kb5 Qa6# 0-1

[Event "4NCL Online Division 5"]
[Site "online"]
[Date "2022.03.08"]
[EventDate "2022.03.08"]
[Round "4.84"]
[White "Attridge, Raphael"]
[WhiteElo "994"]
[WhiteTeam "Manaccan Maulers"]
[Black "Navle, Aditi"]
[BlackElo "988"]
[BlackTeam "Uxbridge Eagle Fangs"]
[Result "0-1"]
[PlyCount "45"]

1. e4 e5 2. Nf3 Nc6 3. Bc4 Nf6 4. Ng5 d5 5. Bb5 Bc5 6. Bxc6+ bxc6 7. Nc3 O-O 8. exd5 cxd5 9. O-O Bf5 10. b3 Bg4 11. Qe1 Re8 12. Bb2 Nh5 13. h3 Ng3 14. hxg4 Nxf1 15. Kxf1 Qxg5 16. Nxd5 Rac8 17. c3 Qxg4 18. f3 Qg5 19. d4 exd4 20. Qd2 Qxd2 21. cxd4 Bxd4 22. Bxd4 Qxd4 23. Nxc7 0-1

[Event "4NCL Online Division 5"]
[Site "online"]
[Date "2022.03.08"]
[EventDate "2022.03.08"]
[Round "4.91"]
[White "Khandelwal, Akshaj"]
[WhiteElo "1131"]
[WhiteTeam "Watford Juniors B"]
[Black "McDonald, John-Paul"]
[BlackElo "1503"]
[BlackTeam "Stroud Middlies"]
[Result "1-0"]
[PlyCount "61"]

1. d4 d5 2. c4 Nf6 3. Nc3 c6 4. Bf4 Bf5 5. e3 e6 6. Nf3 Bb4 7. Nd2 Nbd7 8. Be2 O-O 9. O-O Bxc3 10. bxc3 Ne4 11. Nxe4 Bxe4 12. cxd5 cxd5 13. Bd6 Qg5 14. f3 Bf5 15. Bxf8 Rxf8 16. f4 Qg6 17. Bh5 Qh6 18. Bg4 Be4 19. Bf3 Bf5 20. Rc1 Nb6 21. Bg4 Be4 22. Bf3 Bf5 23. g4 Qg6 24. g5 Nc4 25. Bh5 Nxe3 26. Bxg6 Nxd1 27. Bxf5 Ne3 28. Bh3 Nxf1 29. Bxf1 Rc8 30. Kf2 Rc4 31. Bxc4 1-0

[Event "4NCL Online Division 5"]
[Site "online"]
[Date "2022.03.08"]
[EventDate "2022.03.08"]
[Round "4.92"]
[White "Killey, Ainsley"]
[WhiteElo "1566"]
[WhiteTeam "Stroud Middlies"]
[Black "Patel, Ananya"]
[BlackElo "1101"]
[BlackTeam "Watford Juniors B"]
[Result "0-1"]
[PlyCount "70"]

1. e4 c6 2. d4 d5 3. exd5 cxd5 4. c4 Nf6 5. Nc3 Nc6 6. Bg5 e6 7. Nf3 Bb4 8. a3 Bxc3+ 9. bxc3 Bd7 10. Bd3 O-O 11. O-O h6 12. Bh4 Re8 13. Re1 Na5 14. cxd5 exd5 15. Rxe8+ Bxe8 16. Qc2 Kh8 17. h3 a6 18. Ne5 Nc6 19. f4 Qd6 20. Qe2 Nd7 21. Bg3 Ndxe5 22. fxe5 Qe6 23. Rf1 Qe7 24. e6 fxe6 25. Qxe6 Qxe6 26. Rf8+ Qg8 27. Rxg8+ Kxg8 28. Kf2 Kf7 29. Kf3 Kf6 30. Bd6 Bg6 31. Bxg6 Kxg6 32. g4 Rd8 33. Bc7 Rf8+ 34. Ke3 Rf1 35. Bd6 Rh1 0-1

[Event "4NCL Online Division 5"]
[Site "online"]
[Date "2022.03.08"]
[EventDate "2022.03.08"]
[Round "4.93"]
[White "Patel, Aashna"]
[WhiteElo "1078"]
[WhiteTeam "Watford Juniors B"]
[Black "Markey, Kevin D"]
[BlackElo "1447"]
[BlackTeam "Stroud Middlies"]
[Result "0-1"]
[PlyCount "74"]

1. e4 c5 2. a3 d6 3. Nc3 Nf6 4. Bc4 e6 5. b4 Nc6 6. b5 Ne5 7. Bb3 Bd7 8. Nf3 Be7 9. d3 O-O 10. Be3 Qa5 11. Bd2 Qc7 12. O-O b6 13. a4 a6 14. Qe2 axb5 15. axb5 h6 16. d4 Nxf3+ 17. Qxf3 cxd4 18. Ne2 e5 19. c3 Bg4 20. Qd3 dxc3 21. Nxc3 Qb7 22. Nd5 Be6 23. Nxf6+ Bxf6 24. Bd1 Rxa1 25. Qg3 Kh7 26. f4 Qxe4 27. fxe5 Bxe5 28. Qf2 Bd4 29. Bc2 Bxf2+ 30. Kxf2 Rxf1+ 31. Kxf1 Qxc2 32. Ke2 Ra8 33. h3 Ra2 34. g4 Qxd2+ 35. Kf3 Ra4 36. Kg3 Ra3+ 37. Kh4 Qg5# 0-1

[Event "4NCL Online Division 5"]
[Site "online"]
[Date "2022.03.08"]
[EventDate "2022.03.08"]
[Round "4.94"]
[White "Southcott, Vince"]
[WhiteElo "1377"]
[WhiteTeam "Stroud Middlies"]
[Black "Holland, Nicolas"]
[BlackElo "947"]
[BlackTeam "Watford Juniors B"]
[Result "1/2-1/2"]
[PlyCount "174"]

1. d4 e6 2. c4 d5 3. Nc3 c5 4. cxd5 exd5 5. Bf4 Nc6 6. e3 Nf6 7. Nf3 cxd4 8. Nxd4 Nxd4 9. Qxd4 Bd6 10. Bg3 O-O 11. Nxd5 Nxd5 12. Bh4 Qa5+ 13. Kd1 Be6 14. a3 Bc5 15. Qd2 Qa4+ 16. Qc2 Qa5 17. b4 Bxb4 18. a4 Rac8 19. Qd3 Nc3+ 20. Kc2 Nxa4+ 21. Kb1 Nc3+ 22. Kb2 Ba3+ 23. Kc2 Na2+ 24. Kd1 Nc1 25. Rxa3 Nxd3 26. Rxa5 Nb2+ 27. Ke2 Bc4+ 28. Kf3 h6 29. Bxc4 Nxc4 30. Rxa7 Ne5+ 31. Ke4 Ng4 32. f3 Nf6+ 33. Bxf6 gxf6 34. Rxb7 Rc4+ 35. Kd3 Rcc8 36. e4 Rfd8+ 37. Ke3 Rc2 38. g4 Rc3+ 39. Kf4 Rdd3 40. Rf1 Kg7 41. h4 Kg6 42. Rb8 Rd2 43. h5+ Kg7 44. Ra1 Rdd3 45. Rf1 Kh7 46. Re8 Kg7 47. e5 Rc4+ 48. Kg3 Rc5 49. exf6+ Kxf6 50. Re4 Kg5 51. Rf4 f5 52. gxf5 Rxf5 53. Rxf5+ Kxf5 54. Rh1 Kg5 55. Rh4 Rc3 56. Rh3 Rc4 57. Kf2 Rc2+ 58. Ke3 Kf5 59. Rh4 Kg5 60. Rh3 Rc3+ 61. Kd4 Rc6 62. Ke4 Re6+ 63. Kd3 Kf4 64. Rh4+ Kxf3 65. Rd4 Re5 66. Rh4 Kg3 67. Rh1 Kg2 68. Rh4 Rg5 69. Ke4 Kg3 70. Rh1 Rg4+ 71. Ke3 Rh4 72. Rxh4 Kxh4 73. Kf3 Kxh5 74. Kg3 Kg5 75. Kh3 h5 76. Kg3 h4+ 77. Kh3 Kh5 78. Kh2 Kg4 79. Kg2 h3+ 80. Kh2 Kh4 81. Kh1 Kg3 82. Kg1 Kf3 83. Kh2 Kg4 84. Kh1 Kg3 85. Kg1 Kf3 86. Kh2 Kg4 87. Kh1 Kg3 1/2-1/2

[Event "4NCL Online Division 5"]
[Site "online"]
[Date "2022.03.08"]
[EventDate "2022.03.08"]
[Round "4.102"]
[White "Fell, Colin C"]
[WhiteElo "1621"]
[WhiteTeam "Crowthorne B"]
[Black "Ross, Drummer"]
[BlackElo "1000"]
[BlackTeam "Colchester JFF C"]
[Result "1/2-1/2"]
[PlyCount "97"]

1. d4 Nf6 2. Bf4 d6 3. e3 Nc6 4. c3 e5 5. dxe5 dxe5 6. Qxd8+ Nxd8 7. Bxe5 Be7 8. Bxc7 Ne6 9. Bg3 O-O 10. Be2 b6 11. Nf3 Bb7 12. Nbd2 Rad8 13. O-O Bxf3 14. Nxf3 Ne4 15. Be5 f6 16. Bd4 N6g5 17. h4 Nxf3+ 18. Bxf3 Nd2 19. Rfd1 Nc4 20. b3 Nd6 21. Rd2 Nf5 22. g3 a5 23. Rad1 b5 24. Bb6 Rb8 25. Bxa5 b4 26. Bxb4 Bxb4 27. cxb4 Rxb4 28. a4 Ne7 29. Rd7 Kf7 30. Bd5+ Ke8 31. Bc4 Nc6 32. Rxg7 Rh8 33. Rc7 Ne7 34. Ra7 Rb8 35. Bb5+ Kf7 36. Rdd7 Rhe8 37. Rdb7 Rxb7 38. Bxe8+ Kxe8 39. Rxb7 Kf7 40. a5 Ke6 41. Rxe7+ Kxe7 42. a6 Kd7 43. a7 Ke6 44. a8=Q f5 45. Qc6+ Ke5 46. b4 f4 47. gxf4+ Kf5 48. Kg2 h5 49. Kh3 1/2-1/2

[Event "4NCL Online Division 5"]
[Site "online"]
[Date "2022.03.08"]
[EventDate "2022.03.08"]
[Round "4.103"]
[White "Wilde, Grace"]
[WhiteElo "982"]
[WhiteTeam "Colchester JFF C"]
[Black "Love, James"]
[BlackElo "1597"]
[BlackTeam "Crowthorne B"]
[Result "0-1"]
[PlyCount "130"]

1. e4 e6 2. d4 d5 3. e5 c5 4. c3 Nc6 5. Nf3 Qb6 6. Bd3 Bd7 7. Bc2 Rc8 8. Na3 cxd4 9. cxd4 Bb4+ 10. Bd2 Bxa3 11. bxa3 Nxd4 12. Nxd4 Qxd4 13. O-O Qxe5 14. Rb1 Nf6 15. Rxb7 O-O 16. Re1 Qd6 17. Bb4 Qc6 18. Bxf8 Qxb7 19. Be7 Ba4 20. Bxa4 Qxe7 21. Qb3 h6 22. h3 Ne4 23. Qb4 Qxb4 24. axb4 Rb8 25. a3 Nc3 26. Bb3 a5 27. Re3 axb4 28. axb4 d4 29. Rd3 Rxb4 30. Bc2 Rb2 31. Rd2 d3 32. Rxd3 Rxc2 33. Rd8+ Kh7 34. Kh2 Rxf2 35. Kg3 Ne4+ 36. Kh2 f6 37. Rd4 Ng5 38. Kg1 Rf5 39. g4 Nf3+ 40. Kg2 Nxd4 41. gxf5 Nxf5 42. Kf3 g5 43. Kg4 Kg6 44. Kf3 h5 45. Ke4 Ng3+ 46. Kf3 h4 47. Kg4 f5+ 48. Kf3 Nh5 49. Kg2 Nf4+ 50. Kf3 Nxh3 51. Kg2 g4 52. Kh1 f4 53. Kg2 Ng1 54. Kxg1 e5 55. Kg2 e4 56. Kh1 h3 57. Kg1 g3 58. Kf1 f3 59. Kg1 e3 60. Kf1 g2+ 61. Kg1 f2+ 62. Kh2 g1=Q+ 63. Kxh3 f1=Q+ 64. Kh4 Qf4+ 65. Kh3 Qgh2# 0-1

[Event "4NCL Online Division 5"]
[Site "online"]
[Date "2022.03.08"]
[EventDate "2022.03.08"]
[Round "4.104"]
[White "Adhikari, Aanya"]
[WhiteElo "1164"]
[WhiteTeam "Crowthorne B"]
[Black "He, Kingsley"]
[BlackElo "884"]
[BlackTeam "Colchester JFF C"]
[Result "1-0"]
[PlyCount "53"]

1. e4 e5 2. Nf3 Nc6 3. d4 exd4 4. Nxd4 Nxd4 5. Qxd4 Nf6 6. e5 Qe7 7. Be2 Qb4+ 8. Qxb4 Bxb4+ 9. c3 Be7 10. exf6 Bxf6 11. Bf4 d6 12. Nd2 Be5 13. Bxe5 dxe5 14. h3 O-O 15. O-O Rd8 16. Rad1 f6 17. Bc4+ Kh8 18. Nb3 Bf5 19. Bd5 c6 20. Bf3 Rxd1 21. Rxd1 Bc2 22. Rd2 Bxb3 23. axb3 a5 24. Rd7 b5 25. Bxc6 b4 26. Bxa8 bxc3 27. Rd8# 1-0

[Event "4NCL Online Division 5"]
[Site "online"]
[Date "2022.03.08"]
[EventDate "2022.03.08"]
[Round "4.111"]
[White "Chen, Fen"]
[WhiteElo "1100"]
[WhiteTeam "Barnet Knights E"]
[Black "Evans, Joseph"]
[BlackElo "1151"]
[BlackTeam "Harrow Juniors 3"]
[Result "0-1"]
[PlyCount "68"]

1. d4 Nf6 2. Nf3 g6 3. Bg5 Bg7 4. e3 O-O 5. Bd3 Nc6 6. O-O d6 7. Nbd2 Bg4 8. h3 Bxf3 9. Nxf3 e5 10. c3 h6 11. Bxf6 Bxf6 12. e4 exd4 13. cxd4 Nxd4 14. Nxd4 Bxd4 15. Qd2 Qg5 16. Qb4 Bb6 17. Rae1 a5 18. Qc3 Rfe8 19. Kh1 a4 20. f4 Qg3 21. f5 gxf5 22. Rxf5 Ba5 23. Rf3 Qxf3 24. gxf3 Bxc3 25. Rg1+ Kf8 26. b3 axb3 27. axb3 Ra1 28. Bf1 Bd4 29. Rg2 Rxf1+ 30. Kh2 Be5+ 31. f4 Bxf4+ 32. Rg3 Bxg3+ 33. Kxg3 Rxe4 34. h4 Rb4 0-1

[Event "4NCL Online Division 5"]
[Site "online"]
[Date "2022.03.08"]
[EventDate "2022.03.08"]
[Round "4.112"]
[White "Horwood, Alexander"]
[WhiteElo "937"]
[WhiteTeam "Harrow Juniors 3"]
[Black "Kuryan, Elizabeth"]
[BlackElo "990"]
[BlackTeam "Barnet Knights E"]
[Result "0-1"]
[PlyCount "80"]

1. e4 c5 2. d4 Nf6 3. e5 Ng8 4. Nf3 cxd4 5. c3 dxc3 6. Nxc3 Nc6 7. Bb5 Qc7 8. Bxc6 Qxc6 9. O-O g6 10. Be3 Bg7 11. Rc1 Qc7 12. Ne4 Qb8 13. Qd4 b6 14. Rc2 Bb7 15. Rfc1 Bc6 16. b4 Qb7 17. Qc3 Nh6 18. Ned2 O-O 19. Qb2 Nf5 20. b5 Bd5 21. Rc7 Qb8 22. Bd4 Nxd4 23. Qxd4 Bxf3 24. Nxf3 d6 25. Rxe7 dxe5 26. Nxe5 f6 27. Qd7 Bh6 28. Rxh7 Qxe5 29. Rxh6 Rf7 30. Rxg6+ Kf8 31. Rc8+ Rxc8 32. Qxc8+ Ke7 33. Qb7+ Kf8 34. g3 Rxb7 35. f4 Qe1+ 36. Kg2 Qe2+ 37. Kg1 Rd7 38. Rxf6+ Kg7 39. Rd6 Rxd6 40. Kh1 Rd1# 0-1

[Event "4NCL Online Division 5"]
[Site "online"]
[Date "2022.03.08"]
[EventDate "2022.03.08"]
[Round "4.113"]
[White "Morin, Julian"]
[WhiteElo "897"]
[WhiteTeam "Barnet Knights E"]
[Black "Wang, Xiling"]
[BlackElo "915"]
[BlackTeam "Harrow Juniors 3"]
[Result "1-0"]
[PlyCount "113"]

1. c4 e5 2. b3 Nf6 3. Bb2 Nc6 4. Nc3 g6 5. g3 Bg7 6. Bg2 O-O 7. Nf3 d5 8. cxd5 Nxd5 9. Qc2 Bf5 10. e4 Nxc3 11. Bxc3 Be6 12. O-O Qe7 13. Rad1 Rad8 14. a3 Nd4 15. Nxd4 exd4 16. Bb4 c5 17. Bxc5 d3 18. Qc1 Qc7 19. Bxf8 Qxc1 20. Rxc1 Rxf8 21. Rb1 f5 22. exf5 Rxf5 23. Bh3 Re5 24. Bxe6+ Rxe6 25. Rbc1 Rc6 26. Rxc6 bxc6 27. Rc1 Bb2 28. Rxc6 Bxa3 29. Ra6 Bc1 30. Rd6 Bxd2 31. Rxd3 Bb4 32. Rd8+ Kf7 33. Rd7+ Ke6 34. Rxa7 h5 35. Ra6+ Bd6 36. Kg2 g5 37. Kf3 Ke5 38. Ra5+ Kf6 39. Ra6 Ke6 40. Ke4 g4 41. Rxd6+ Kxd6 42. Kf5 Kd5 43. Kg5 Ke4 44. Kxh5 Kf3 45. Kg5 Kxf2 46. b4 Kg2 47. Kxg4 Kxh2 48. b5 Kg2 49. b6 Kf2 50. b7 Kg2 51. b8=Q Kf2 52. Qb2+ Ke3 53. Qe5+ Kf2 54. Qe4 Kg1 55. Qc2 Kf1 56. Kf3 Ke1 57. Qe2# 1-0

[Event "4NCL Online Division 5"]
[Site "online"]
[Date "2022.03.08"]
[EventDate "2022.03.08"]
[Round "4.121"]
[White "Rowland, Benjamin"]
[WhiteElo "1112"]
[WhiteTeam "Barnet Knights D"]
[Black "Zsibrita, Steve"]
[BlackElo "1481"]
[BlackTeam "Hertford 3"]
[Result "0-1"]
[PlyCount "68"]

1. e4 e5 2. Nf3 Nf6 3. Nxe5 d6 4. Nf3 Nxe4 5. d4 d5 6. Be2 Be7 7. O-O O-O 8. Nbd2 c5 9. dxc5 Bxc5 10. Nb3 Bb6 11. Bf4 Be6 12. Nfd4 a6 13. Bg4 Qd7 14. Bxe6 fxe6 15. Qg4 Rf6 16. Rfe1 Nc6 17. Nxc6 Bxf2+ 18. Kh1 Qxc6 19. Re2 Raf8 20. Bg3 Bxg3 21. hxg3 Nf2+ 22. Rxf2 Rxf2 23. Nd4 Qc4 24. Qxe6+ Kh8 25. c3 Rf1+ 26. Rxf1 Qxf1+ 27. Kh2 Qf7 28. Qe3 h6 29. a4 Re8 30. Qd2 Re5 31. b4 Qf1 32. g4 Qe1 33. Qc2 Qh4+ 34. Kg1 Re1# 0-1

[Event "4NCL Online Division 5"]
[Site "online"]
[Date "2022.03.08"]
[EventDate "2022.03.08"]
[Round "4.122"]
[White "Lynch, Mark"]
[WhiteElo "1430"]
[WhiteTeam "Hertford 3"]
[Black "Scheffel, Charlie"]
[BlackElo "1179"]
[BlackTeam "Barnet Knights D"]
[Result "1-0"]
[PlyCount "61"]

1. d4 d5 2. Bf4 e6 3. Nf3 Be7 4. e3 Bd7 5. Bd3 Nf6 6. c3 h6 7. Nbd2 O-O 8. Ne5 Nc6 9. Qe2 a6 10. e4 b5 11. a3 Bd6 12. Nxc6 Bxc6 13. e5 Re8 14. exd6 cxd6 15. Nf3 e5 16. dxe5 Ng4 17. O-O dxe5 18. Nxe5 Nxe5 19. Bxe5 f6 20. f4 fxe5 21. fxe5 Qc7 22. e6 Qd6 23. Rae1 Ra7 24. Qg4 g5 25. Qf5 Rg7 26. Qf6 Rf8 27. Qxh6 Qc5+ 28. Kh1 Rxf1+ 29. Rxf1 d4 30. Qf6 dxc3 31. Qd8+ 1-0

[Event "4NCL Online Division 5"]
[Site "online"]
[Date "2022.03.08"]
[EventDate "2022.03.08"]
[Round "4.123"]
[White "Parikh, Yashvi"]
[WhiteElo "1193"]
[WhiteTeam "Barnet Knights D"]
[Black "Brewis, Alan"]
[BlackElo "1332"]
[BlackTeam "Hertford 3"]
[Result "0-1"]
[PlyCount "98"]

1. e4 c5 2. Bc4 e6 3. d3 a6 4. a4 Nc6 5. Bf4 d6 6. Nc3 Be7 7. Nf3 Qc7 8. Qe2 Nf6 9. O-O O-O 10. Qd2 b6 11. Ne2 Rd8 12. c3 Bb7 13. Ng3 Na5 14. Ba2 c4 15. d4 Nxe4 16. Nxe4 Bxe4 17. Qe3 Bd5 18. Rfe1 b5 19. axb5 axb5 20. Bb1 Nb3 21. Rxa8 Rxa8 22. Bc2 Ra2 23. Rb1 Qa7 24. Qe1 Bxf3 25. gxf3 d5 26. Qd1 Qa4 27. Bc7 g6 28. Be5 b4 29. f4 bxc3 30. bxc3 Qa3 31. Bxb3 cxb3 32. Rxb3 Qa6 33. Kg2 Ra1 34. Rb6 Qxb6 35. Qxa1 Qd8 36. Kf1 Bd6 37. Bxd6 Qxd6 38. Qc1 Qe7 39. Qe3 Qh4 40. Qg3 Qh5 41. f3 Qf5 42. Ke2 Qc2+ 43. Ke3 Qxc3+ 44. Kf2 Qxd4+ 45. Kg2 Qd2+ 46. Kh3 d4 47. Kg4 Qc2 48. Kg5 Qf5+ 49. Kh4 Qh5# 0-1

[Event "4NCL Online Division 5"]
[Site "online"]
[Date "2022.03.08"]
[EventDate "2022.03.08"]
[Round "4.124"]
[White "Hurley, James"]
[WhiteElo "1255"]
[WhiteTeam "Hertford 3"]
[Black "Rasalingam, Rishi"]
[BlackElo "1167"]
[BlackTeam "Barnet Knights D"]
[Result "0-1"]
[PlyCount "52"]

1. e4 c5 2. Nf3 Nc6 3. Bc4 g6 4. c3 Bg7 5. Ng5 e6 6. d3 Nge7 7. O-O O-O 8. Nd2 d5 9. Bb5 a6 10. Bxc6 Nxc6 11. exd5 exd5 12. Nb3 b6 13. Qf3 Ne5 14. Qg3 Bf5 15. Rd1 Re8 16. Bf4 Rc8 17. d4 cxd4 18. Nxd4 Qd7 19. Re1 Nc6 20. h4 Nxd4 21. cxd4 Bxd4 22. h5 Bxb2 23. Rad1 Rc3 24. Rxe8+ Qxe8 25. hxg6 fxg6 26. Qh4 h5 0-1

[Event "4NCL Online Division 5"]
[Site "online"]
[Date "2022.03.08"]
[EventDate "2022.03.08"]
[Round "4.131"]
[White "Gibson, Stephen"]
[WhiteElo "1518"]
[WhiteTeam "Deaf England 2"]
[Black "Warnock, Oliver"]
[BlackElo "1333"]
[BlackTeam "Farnham C"]
[Result "1-0"]
[PlyCount "93"]

1. e4 c5 2. d4 cxd4 3. c3 dxc3 4. Nxc3 Nc6 5. Nf3 d6 6. Bc4 Nf6 7. O-O g6 8. Qe2 Bg7 9. Rd1 Qb6 10. h3 O-O 11. Be3 Qc7 12. Rac1 Bd7 13. Nd4 a6 14. Nxc6 Bxc6 15. Nd5 Nxd5 16. exd5 Bd7 17. Bxa6 Qa5 18. Bxb7 Rab8 19. Bc6 Rxb2 20. Rd2 Rxd2 21. Bxd2 Qc7 22. Qxe7 Rd8 23. Bxd7 Qxd7 24. Qxd7 Rxd7 25. Rc8+ Bf8 26. Bh6 Rd8 27. Rxd8 f5 28. Bxf8 Kf7 29. Rxd6 Kxf8 30. a4 Ke7 31. Rb6 Kd7 32. a5 Kc7 33. d6+ Kd7 34. a6 h5 35. a7 h4 36. a8=R g5 37. Ra7+ Kc8 38. d7+ Kd8 39. Rb8+ Ke7 40. d8=R+ Ke6 41. Ra5 g4 42. Rb6+ Ke7 43. Rc8 Kd7 44. Rh8 Kc7 45. Rg6 Kb7 46. Rxf5 Kc7 47. Rf7# 1-0

[Event "4NCL Online Division 5"]
[Site "online"]
[Date "2022.03.08"]
[EventDate "2022.03.08"]
[Round "4.132"]
[White "Amos, Katherine"]
[WhiteElo "1295"]
[WhiteTeam "Farnham C"]
[Black "Mullins, Steven A"]
[BlackElo "1323"]
[BlackTeam "Deaf England 2"]
[Result "0-1"]
[PlyCount "110"]

1. e4 e6 2. d4 d5 3. exd5 exd5 4. Nf3 Bf5 5. c4 Bb4+ 6. Bd2 Bxd2+ 7. Nbxd2 Ne7 8. c5 O-O 9. Be2 Nbc6 10. a3 Qd7 11. Nb3 Ng6 12. O-O Rfe8 13. Bd3 Be4 14. Re1 Re7 15. Bxe4 Rxe4 16. Rxe4 dxe4 17. Ng5 Qf5 18. Qd2 Re8 19. Re1 Nf4 20. g3 Qxg5 21. Qxf4 Qxf4 22. gxf4 f5 23. Kg2 Rd8 24. Rd1 Kf7 25. d5 Ne7 26. d6 cxd6 27. cxd6 Nc6 28. Nc5 b6 29. Nb3 Ke6 30. Kf1 Rxd6 31. Rxd6+ Kxd6 32. Ke2 Kd5 33. Ke3 Kc4 34. Nd2+ Kd5 35. h4 Na5 36. b3 g6 37. a4 a6 38. b4 Nc4+ 39. Nxc4 Kxc4 40. a5 b5 41. Kd2 Kxb4 42. Ke3 Kc3 43. Ke2 Kc2 44. Ke3 b4 45. Kd4 b3 46. Ke5 b2 47. Kf6 b1=Q 48. Kg5 Kd3 49. Kh6 Qb7 50. Kg5 Qe7+ 51. Kh6 Ke2 52. h5 Kf3 53. hxg6 hxg6 54. Kxg6 Kxf4 55. Kh5 Qg5# 0-1

[Event "4NCL Online Division 5"]
[Site "online"]
[Date "2022.03.08"]
[EventDate "2022.03.08"]
[Round "4.133"]
[White "Masterson, Desmond"]
[WhiteElo "1001"]
[WhiteTeam "Deaf England 2"]
[Black "Franklin, Tony"]
[BlackElo "1274"]
[BlackTeam "Farnham C"]
[Result "1-0"]
[PlyCount "27"]

1. e4 d5 2. exd5 Nf6 3. Nc3 Bg4 4. Nf3 e5 5. dxe6 Nc6 6. exf7+ Kxf7 7. Bb5 Nd4 8. Ne5+ Kg8 9. Bc4+ Be6 10. Bxe6+ Nxe6 11. O-O Bc5 12. Qe2 Ng5 13. Qc4+ Nf7 14. Qxf7# 1-0